[Event "Belgrade-chT Quality"]
[Site "Belgrade"]
[Date "2011.11.03"]
[Round "10"]
[White "Vujasic, Tomislav"]
[Black "Jovicic, Dragomir"]
[Result "0-1"]
[WhiteElo "2096"]
[BlackElo "2156"]
[PlyCount "94"]
[EventDate "2011.10.15"]
[EventType "team-swiss"]
[EventRounds "11"]
[EventCountry "SRB"]
[SourceTitle "EXT 2012"]
[Source "ChessBase"]
[SourceDate "2011.11.24"]
[SourceVersion "1"]
[SourceVersionDate "2011.11.24"]
[SourceQuality "1"]

1. e4 c5 2. Nc3 Nc6 3. g3 g6 4. Bg2 Bg7 5. d3 e6 6. Be3 Nd4 7. Qd2 Ne7 8. Nd1 d6 9. c3 Ndc6 10. Bh6 Bxh6 11. Qxh6 e5 12. Qe3 0-0 13. Ne2 Be6 14. 0-0 Rc8 15. f4 d5 16. Nf2 d4 17. cxd4 Nxd4 18. Nxd4 cxd4 19. Qd2 Qd7 20. fxe5 Rc5 21. Qh6 Rxe5 22. Bh3 f5 23. Ng4 Rc5 24. e5 Nd5 25. Bg2 Rc2 26. Rae1 Qe7 27. Nf6+ Nxf6 28. exf6 Qxf6 29. Qf4 Rxb2 30. Re5 Bxa2 31. Qxd4 Re2 32. Bd5+ Kh8 33. Bxa2 Qxe5 34. Qxa7 Qe3+ 35. Qxe3 Rxe3 36. Bc4 Re2 37. Rd1 f4 38. d4 Rc2 39. Bd3 Rc7 40. gxf4 Rxf4 41. Bf1 Rd7 42. d5 Kg7 43. Bh3 Rd6 44. Bg2 b5 45. Rc1 Kf6 46. Rc8 b4 47. Rb8 g5 0-1

[Event "Belgrade-chT Quality"]
[Site "Belgrade"]
[Date "2011.10.23"]
[Round "4"]
[White "Ivanovic, Nikola"]
[Black "Vujasic, Tomislav"]
[Result "1-0"]
[WhiteElo "2241"]
[BlackElo "2096"]
[PlyCount "77"]
[EventDate "2011.10.15"]
[EventType "team-swiss"]
[EventRounds "11"]
[EventCountry "SRB"]
[SourceTitle "EXT 2012"]
[Source "ChessBase"]
[SourceDate "2011.11.24"]
[SourceVersion "1"]
[SourceVersionDate "2011.11.24"]
[SourceQuality "1"]

1. Nf3 Nf6 2. c4 g6 3. d4 Bg7 4. Nc3 d5 5. cxd5 Nxd5 6. e4 Nxc3 7. bxc3 0-0 8. Rb1 c5 9. Be2 Nc6 10. d5 Bxc3+ 11. Bd2 Bxd2+ 12. Qxd2 Nb8 13. h4 f6 14. h5 g5 15. Nxg5 fxg5 16. Qxg5+ Kh8 17. h6 Rf7 18. Bh5 Qf8 19. Bxf7 Qxf7 20. Rh4 Qf6 21. Qh5 Nd7 22. g3 Qg6 23. Qf3 Nf6 24. Rb3 Bg4 25. Qf4 Rg8 26. Rxb7 Qxe4+ 27. Qxe4 Nxe4 28. Rxe7 Nd6 29. Rxa7 Nf5 30. Rh2 Nd4 31. Rh1 Bf3 32. Rh4 Bxd5 33. Rh5 Nf3+ 34. Kd1 Ng5 35. Kc1 Bf3 36. Rh4 Bd5 37. a4 Rc8 38. Rh5 Rg8 39. f4 1-0

[Event "Belgrade-chT Quality"]
[Site "Belgrade"]
[Date "2011.10.15"]
[Round "1"]
[White "Vujasic, Tomislav"]
[Black "Delibasic, Gavrilo"]
[Result "1-0"]
[WhiteElo "2096"]
[BlackElo "2066"]
[PlyCount "112"]
[EventDate "2011.10.15"]
[EventType "team-swiss"]
[EventRounds "11"]
[EventCountry "SRB"]
[SourceTitle "EXT 2012"]
[Source "ChessBase"]
[SourceDate "2011.11.24"]
[SourceVersion "1"]
[SourceVersionDate "2011.11.24"]
[SourceQuality "1"]

1. e4 c5 2. Nc3 a6 3. g3 d6 4. Bg2 Nc6 5. d3 g6 6. Nf3 Bg7 7. 0-0 Nf6 8. Bg5 Bg4 9. Qd2 h6 10. Be3 Qd7 11. Ne1 Bh3 12. f3 Bxg2 13. Nxg2 Ne5 14. Ne2 g5 15. Rf2 g4 16. Nh4 Nxf3+ 17. Nxf3 gxf3 18. Rxf3 Ng4 19. c3 Ne5 20. Rff1 Qg4 21. Kg2 c4 22. Rf4 Qg6 23. dxc4 Nxc4 24. Qd3 Nxe3+ 25. Qxe3 h5 26. Qb6 Be5 27. Qxb7 0-0 28. Rf5 e6 29. Nf4 Bxf4 30. Rxf4 Rab8 31. Qe7 Rxb2+ 32. Kg1 e5 33. Rf5 Qh6 34. Raf1 Qe3+ 35. R5f2 Rxa2 36. Qxd6 Rxf2 37. Rxf2 Qe1+ 38. Rf1 Qe3+ 39. Rf2 f6 40. Qxa6 Kg7 41. Qe2 Qxc3 42. Qxh5 Qe1+ 43. Kg2 Qxe4+ 44. Qf3 Qxf3+ 45. Kxf3 Ra8 46. Ke4 Kg6 47. Rb2 Ra6 48. Kf3 Kf5 49. h3 Ra3+ 50. Kg2 e4 51. Rb5+ Ke6 52. Rb6+ Ke5 53. Rb5+ Ke6 54. g4 Ra6 55. h4 Ra2+ 56. Kg3 Ra3+ 1-0

[Event "SRB-chT quality"]
[Site "Belgrade"]
[Date "2010.10.29"]
[Round "9"]
[White "Vujasic, Tomislav"]
[Black "Dzunic, Vladimir"]
[Result "1/2-1/2"]
[WhiteElo "2095"]
[BlackElo "2103"]
[PlyCount "33"]
[EventDate "2010.10.09"]
[EventType "team-tourn"]
[EventRounds "11"]
[EventCountry "YUG"]
[SourceTitle "EXT 2011"]
[Source "ChessBase"]
[SourceDate "2010.11.26"]
[SourceVersion "1"]
[SourceVersionDate "2010.11.26"]
[SourceQuality "1"]

1. e4 e5 2. Nf3 d6 3. Bc4 Nc6 4. d3 Be7 5. c3 Nf6 6. 0-0 0-0 7. Re1 Na5 8. Bb5 a6 9. Ba4 b5 10. Bc2 Nc6 11. Nbd2 Re8 12. Nf1 h6 13. Ne3 Bf8 14. Bb3 Na5 15. Bc2 c5 16. b3 Nc6 17. c4 1/2-1/2

[Event "SRB-chT quality"]
[Site "Belgrade"]
[Date "2010.10.24"]
[Round "6"]
[White "Milosavljevic, Dusan"]
[Black "Vujasic, Tomislav"]
[Result "1-0"]
[WhiteElo "2115"]
[BlackElo "2095"]
[PlyCount "43"]
[EventDate "2010.10.09"]
[EventType "team-tourn"]
[EventRounds "11"]
[EventCountry "YUG"]
[SourceTitle "EXT 2011"]
[Source "ChessBase"]
[SourceDate "2010.11.26"]
[SourceVersion "1"]
[SourceVersionDate "2010.11.26"]
[SourceQuality "1"]

1. e4 c5 2. Nf3 d6 3. Bb5+ Bd7 4. Bxd7+ Nxd7 5. 0-0 g6 6. c3 Bg7 7. d4 cxd4 8. cxd4 e6 9. Nc3 Ne7 10. b3 Rc8 11. Qd3 a6 12. a4 Qb6 13. Ba3 Nc6 14. Rac1 Nxd4 15. Nd5 Nxf3+ 16. Qxf3 Qd8 17. Rxc8 Qxc8 18. Rc1 Nc5 19. Nf6+ Ke7 20. e5 b6 21. exd6+ Kxd6 22. b4 1-0

[Event "SRB-chT quality"]
[Site "Belgrade"]
[Date "2010.10.09"]
[Round "1"]
[White "Dinic, Goran"]
[Black "Vujasic, Tomislav"]
[Result "1/2-1/2"]
[WhiteElo "2207"]
[BlackElo "2095"]
[PlyCount "144"]
[EventDate "2010.10.09"]
[EventType "team-tourn"]
[EventRounds "11"]
[EventCountry "YUG"]
[SourceTitle "EXT 2011"]
[Source "ChessBase"]
[SourceDate "2010.11.26"]
[SourceVersion "1"]
[SourceVersionDate "2010.11.26"]
[SourceQuality "1"]

1. Nf3 Nf6 2. c4 e6 3. g3 b6 4. Bg2 Ba6 5. b3 Bb7 6. 0-0 Be7 7. Bb2 d6 8. Nc3 0-0 9. d4 Ne4 10. Qc2 Nxc3 11. Bxc3 f5 12. Ne1 Bxg2 13. Nxg2 Bf6 14. Rad1 Qe8 15. e4 g6 16. Rfe1 Qf7 17. f4 Nd7 18. Re2 Rad8 19. Red2 Rfe8 20. Kh1 c6 21. e5 Be7 22. b4 dxe5 23. dxe5 Nb8 24. Qa4 a6 25. Bd4 Qf8 26. a3 c5 27. bxc5 bxc5 28. Be3 Rxd2 29. Rxd2 Rd8 30. Qd1 Rxd2 31. Qxd2 Qc8 32. Qf2 Qc6 33. Kg1 Nd7 34. Qc2 Kf7 35. Ne1 Nb6 36. Nd3 Qe4 37. Bf2 Nxc4 38. Qc3 Ne3 39. Bxe3 Qxe3+ 40. Kg2 Qe4+ 41. Kf2 c4 42. Nb2 Bc5+ 43. Kf1 Qh1+ 44. Ke2 Qxh2+ 45. Kd1 Qh1+ 46. Kd2 Qd5+ 47. Kc2 Qe4+ 48. Kd2 Qd4+ 49. Kc2 Qxc3+ 50. Kxc3 Bf2 51. Kxc4 Bxg3 52. Nd3 h5 53. Kd4 g5 54. fxg5 Kg6 55. Ke3 Kxg5 56. Kf3 h4 57. Nc5 Bxe5 58. Nxe6+ Kf6 59. Nc5 a5 60. a4 h3 61. Nd3 Bd6 62. Nf2 h2 63. Kg2 Ke6 64. Nd1 Kd5 65. Ne3+ Ke4 66. Nc4 Bc7 67. Nd2+ Kd3 68. Nf3 Kc4 69. Nh4 Kb4 70. Nxf5 Be5 71. Ne7 Bd6 72. Nc6+ Kxa4 1/2-1/2

[Event "Belgrade-chT Quality"]
[Site "Belgrade"]
[Date "2009.11.03"]
[Round "11"]
[White "Popovic, Andrija"]
[Black "Vujasic, Tomislav"]
[Result "1-0"]
[WhiteElo "2261"]
[BlackElo "2119"]
[PlyCount "65"]
[EventDate "2009.10.11"]
[EventType "team-tourn"]
[EventRounds "11"]
[EventCountry "YUG"]
[SourceTitle "CBM 133 Extra"]
[Source "ChessBase"]
[SourceDate "2010.01.05"]
[SourceVersion "1"]
[SourceVersionDate "2010.01.05"]
[SourceQuality "1"]

1. e4 e5 2. Nf3 Nc6 3. Bc4 Bc5 4. 0-0 Nf6 5. d3 d6 6. Bg5 Na5 7. Nc3 Nxc4 8. dxc4 h6 9. Bh4 Bg4 10. h3 Bxf3 11. Qxf3 g5 12. Bg3 c6 13. Rad1 Qe7 14. Na4 Bb4 15. Rd3 0-0 16. Rfd1 Rfd8 17. Qf5 Kg7 18. a3 Ba5 19. h4 Ne8 20. c5 Bc7 21. cxd6 Bxd6 22. Rxd6 Nxd6 23. Qxe5+ Qxe5 24. Bxe5+ f6 25. Bxd6 Re8 26. hxg5 hxg5 27. f3 Rad8 28. Rd3 Re6 29. Bg3 Rxd3 30. cxd3 b6 31. Kf2 Kf7 32. d4 Re8 33. Nc3 1-0

[Event "Belgrade-chT Quality"]
[Site "Belgrade"]
[Date "2009.10.30"]
[Round "8"]
[White "Vujasic, Tomislav"]
[Black "Ivanovic, Nikola"]
[Result "1/2-1/2"]
[WhiteElo "2119"]
[BlackElo "2229"]
[PlyCount "32"]
[EventDate "2009.10.11"]
[EventType "team-tourn"]
[EventRounds "11"]
[EventCountry "YUG"]
[SourceTitle "CBM 133 Extra"]
[Source "ChessBase"]
[SourceDate "2010.01.05"]
[SourceVersion "1"]
[SourceVersionDate "2010.01.05"]
[SourceQuality "1"]

1. e4 c5 2. Nf3 Nc6 3. d3 d6 4. g3 g6 5. Bg2 Bg7 6. 0-0 e5 7. c4 Nge7 8. Nc3 0-0 9. Be3 Nd4 10. Qd2 Rb8 11. Rab1 Nec6 12. Nd5 Be6 13. Nc3 Bg4 14. Ne1 Qd7 15. f3 Bh3 16. Bxh3 Qxh3 1/2-1/2

[Event "Belgrade-chT Quality"]
[Site "Belgrade"]
[Date "2008.11.10"]
[Round "9"]
[White "Vujasic, Tomislav"]
[Black "Tosic, Srecko"]
[Result "1/2-1/2"]
[WhiteElo "2125"]
[BlackElo "2299"]
[PlyCount "137"]
[EventDate "2008.11.01"]
[EventType "team-swiss"]
[EventRounds "11"]
[EventCountry "YUG"]
[SourceTitle "CBM 127 Extra"]
[Source "ChessBase"]
[SourceDate "2009.01.08"]
[SourceVersion "2"]
[SourceVersionDate "2009.01.28"]
[SourceQuality "1"]

1. e4 e6 2. d4 d5 3. Nd2 Nf6 4. e5 Nfd7 5. Bd3 c5 6. c3 Nc6 7. Ne2 Qb6 8. Nf3 cxd4 9. cxd4 g6 10. 0-0 Bg7 11. b3 0-0 12. Be3 f6 13. exf6 Nxf6 14. Ne5 Nd7 15. Nf3 Qc7 16. Rc1 Qd6 17. Qd2 Nf6 18. Bf4 Qe7 19. Rfe1 Nh5 20. Bh6 Bd7 21. Bg5 Qd6 22. Be3 Rac8 23. Ng3 Nxg3 24. hxg3 a6 25. Bb1 Qb4 26. Qd3 Ne7 27. g4 Bb5 28. Qd1 Rxc1 29. Bxc1 Bd7 30. Bd2 Qb6 31. Bg5 Nc6 32. Be3 Qa5 33. Bd2 Qa3 34. Bc1 Qd6 35. Be3 Re8 36. Bd3 e5 37. dxe5 Nxe5 38. Nxe5 Rxe5 39. Be2 Re8 40. Qd2 Bc6 41. Rd1 Qe5 42. Bf3 Rd8 43. Bb6 Rd7 44. Bd4 Qxd4 45. Qxd4 Bxd4 46. Rxd4 Kf7 47. g5 Ke7 48. Bg4 Rd8 49. f4 Kd6 50. b4 Bd7 51. Bf3 Be6 52. Kf2 a5 53. a3 axb4 54. axb4 Ra8 55. Ke3 Ra3+ 56. Rd3 Ra4 57. Rd4 b6 58. Bd1 Ra1 59. Bf3 Rc1 60. Be2 Rc7 61. Bf3 Rd7 62. Be2 Re7 63. Kd2 Bd7 64. Bf3 Bc6 65. Kc3 Re3+ 66. Rd3 Re1 67. Rd1 Re3+ 68. Rd3 Re7 69. Kd4 1/2-1/2

[Event "Belgrade-chT Quality"]
[Site "Belgrade"]
[Date "2008.11.09"]
[Round "8"]
[White "Mikicic, Dusan"]
[Black "Vujasic, Tomislav"]
[Result "1/2-1/2"]
[WhiteElo "2197"]
[BlackElo "2125"]
[PlyCount "79"]
[EventDate "2008.11.01"]
[EventType "team-swiss"]
[EventRounds "11"]
[EventCountry "YUG"]
[SourceTitle "CBM 127 Extra"]
[Source "ChessBase"]
[SourceDate "2009.01.08"]
[SourceVersion "2"]
[SourceVersionDate "2009.01.28"]
[SourceQuality "1"]

1. e4 e5 2. Nf3 Nc6 3. d4 exd4 4. Nxd4 Bc5 5. Nb3 Bb6 6. Nc3 d6 7. Bf4 Nf6 8. Qd2 Be6 9. 0-0-0 Ng4 10. Bg5 Qd7 11. Bh4 h6 12. h3 Nge5 13. f4 Ng6 14. Bf2 Bxb3 15. axb3 Ba5 16. g3 0-0-0 17. h4 Kb8 18. Qd3 Bxc3 19. bxc3 Qe7 20. Bg2 Nf8 21. Kb2 Nd7 22. Ra1 Nb6 23. b4 Qe6 24. Bh3 Qf6 25. Bxb6 cxb6 26. Kb3 Rhe8 27. Rhf1 Qe7 28. Rae1 g6 29. Qd5 Qc7 30. c4 Re7 31. Rd1 Rde8 32. Bg2 Rd8 33. c3 Red7 34. Rd2 Re7 35. Rfd1 a6 36. Bf3 Ka7 37. h5 g5 38. Ra1 Kb8 39. Bg4 f6 40. Bf3 1/2-1/2

[Event "Belgrade-chT Quality"]
[Site "Belgrade"]
[Date "2008.11.05"]
[Round "5"]
[White "Kostic, Milutin B"]
[Black "Vujasic, Tomislav"]
[Result "1-0"]
[WhiteElo "2304"]
[BlackElo "2125"]
[PlyCount "47"]
[EventDate "2008.11.01"]
[EventType "team-swiss"]
[EventRounds "11"]
[EventCountry "YUG"]
[SourceTitle "CBM 127 Extra"]
[Source "ChessBase"]
[SourceDate "2009.01.08"]
[SourceVersion "2"]
[SourceVersionDate "2009.01.28"]
[SourceQuality "1"]

1. d4 d5 2. Nf3 Nf6 3. c4 c6 4. Qb3 e6 5. Nc3 Be7 6. g3 0-0 7. Bg2 Nbd7 8. 0-0 Nb6 9. cxd5 exd5 10. Bf4 Nh5 11. Bc1 Bf5 12. a4 Qc8 13. Ne5 Bd6 14. a5 Nd7 15. a6 bxa6 16. e4 dxe4 17. Nc4 Qc7 18. Nxe4 Bxe4 19. Bxe4 Nhf6 20. Bg2 Rab8 21. Qa4 Rb4 22. Qxa6 Nb6 23. b3 Nxc4 24. bxc4 1-0

[Event "Belgrade-chT Quality"]
[Site "Belgrade"]
[Date "2008.11.03"]
[Round "3"]
[White "Vujasic, Tomislav"]
[Black "Antonic, Dusan"]
[Result "0-1"]
[WhiteElo "2125"]
[BlackElo "1979"]
[PlyCount "62"]
[EventDate "2008.11.01"]
[EventType "team-swiss"]
[EventRounds "11"]
[EventCountry "YUG"]
[SourceTitle "CBM 127 Extra"]
[Source "ChessBase"]
[SourceDate "2009.01.08"]
[SourceVersion "2"]
[SourceVersionDate "2009.01.28"]
[SourceQuality "1"]

1. e4 c5 2. Nf3 d6 3. g3 g6 4. Bg2 Bg7 5. 0-0 Nc6 6. d3 Nf6 7. c3 0-0 8. Re1 Bd7 9. Bg5 h6 10. Bd2 Kh7 11. Na3 Rb8 12. Nc2 Ne5 13. Bf4 Nxf3+ 14. Bxf3 e5 15. Bd2 Ng8 16. Ne3 Ne7 17. Ng2 b5 18. b4 f5 19. Rc1 a5 20. a3 Nc6 21. Be3 Qe7 22. Qd2 a4 23. Be2 Rbc8 24. f3 cxb4 25. cxb4 Nd4 26. Bxd4 exd4 27. Rxc8 Rxc8 28. Rc1 Rc3 29. Nf4 Be6 30. exf5 Bxf5 31. Kf2 Qe3+ 0-1

[Event "Boskovic Memorial op 7th"]
[Site "Belgrade"]
[Date "2006.10.02"]
[Round "1"]
[White "Miladinovic, Igor"]
[Black "Vujasic, Tomislav"]
[Result "1-0"]
[WhiteElo "2598"]
[BlackElo "2132"]
[PlyCount "55"]
[EventDate "2006.10.02"]
[EventType "swiss"]
[EventRounds "9"]
[EventCountry "YUG"]
[SourceTitle "CBM 114 Extra"]
[Source "ChessBase"]
[SourceDate "2006.11.03"]
[SourceVersion "1"]
[SourceVersionDate "2006.11.03"]
[SourceQuality "1"]

1. d4 Nf6 2. c4 g6 3. Nc3 Bg7 4. e4 d6 5. Nf3 0-0 6. Be2 e5 7. 0-0 Nbd7 8. d5 a5 9. Be3 Ng4 10. Bg5 f6 11. Bd2 f5 12. Ng5 Nc5 13. exf5 gxf5 14. Bxg4 fxg4 15. Nge4 Nxe4 16. Nxe4 Bf5 17. Qe2 Qe8 18. Ng3 Bd7 19. Rae1 b6 20. Qd3 h5 21. Bg5 Bf6 22. f4 gxf3 23. Bxf6 Rxf6 24. Rxf3 Rxf3 25. Qxf3 Bg4 26. Qe4 Qf7 27. h3 Bd7 28. Rf1 1-0